Evaluation of Empirical Attributes for Credit Risk Forecasting From Numerical Data
Návrh novej metódy hodnotenia úverového rizika dlžníkov a poskytnutia informácií, týkajúcich sa kvality finančných výkazov. Použitie kvalitatívnych a kvantitatívnych kritérií na meranie kvality a spoľahlivosti svojich úverových zákazníkov.
Uložené v:
| Hlavný autor: | |
|---|---|
| Ďalší autori: | , |
| Médium: | Kapitola |
| Jazyk: | English |
| Predmet: | |
| Tagy: |
Žiadne tagy, Buďte prvý, kto otaguje tento záznam!
|
MARC
| LEADER | 00000nla a2200000 4500 | ||
|---|---|---|---|
| 001 | 0242732 | ||
| 005 | 20220803162002.8 | ||
| 041 | 0 | |a eng | |
| 044 | |a UA | ||
| 245 | 1 | 0 | |a Evaluation of Empirical Attributes for Credit Risk Forecasting From Numerical Data |c Augustinos I. Dimitras, Stelios Papadakis, Alexandros Garefalakis |
| 520 | |a Návrh novej metódy hodnotenia úverového rizika dlžníkov a poskytnutia informácií, týkajúcich sa kvality finančných výkazov. Použitie kvalitatívnych a kvantitatívnych kritérií na meranie kvality a spoľahlivosti svojich úverových zákazníkov. | ||
| 610 | 2 | 0 | |a metódy matematické |
| 610 | 2 | 0 | |a metódy kvantitatívne |
| 610 | 2 | 0 | |a účtovníctvo |
| 610 | 2 | 0 | |a úver |
| 610 | 2 | 0 | |a prognózy |
| 610 | 2 | 0 | |a riziko úverové |
| 610 | 2 | 0 | |a ukazovatele finančné |
| 610 | 2 | 0 | |a ukazovatele kvalitatívne |
| 610 | 2 | 0 | |a ukazovatele kvantitatívne |
| 100 | 1 | |a Dimitras, Augustinos I. | |
| 700 | 1 | |a Papadakis, Stelios | |
| 700 | 1 | |a Garefalakis, Alexandros | |